000 00419nam a2200169Ia 4500
003 LK-CoDNM
008 010623t2012 xxu||||| |||| 00| 1 sin d
040 _aLK-CoDNM
_dLK-CoDNM
_eLK-CoDNM
041 _asin
080 _a8 S 2 FON
100 _aFonseka,Salaman
245 _aඅහිමි ජීවිත
246 _aAhimi Jiwitha
260 _bSarasavi
_aNugegoda
_c2012
300 _b102, 21 cm
942 _cBK
999 _c132143
_d132143